00375 2200157 4500001002100000005001500021035002000036245002400056100001000080300002600090260004500116082000800161084001400169020002200183990001200205INLIS00000000000307720250930084557 a0010-09250004241 aGuru Kamid /cAhmad0 aAhmad a125 hlm ;c15 x 23 cm aKaranganyar :bSurya Pustaka Ilmu,c2024 a600 a600 AHM g a978-623-5405-85-8 a0755562